| 000 | 01080nas a2200373 4500 | ||
|---|---|---|---|
| 001 | BR2014007473 | ||
| 003 | BR-BrBNA | ||
| 005 | 20231205124759.0 | ||
| 007 | ta | ||
| 008 | 230509b bl.|||p| |||| 00| 00por d | ||
| 040 |
_aBR-BrBNA _bpor _cBiblioteca Nacional de Agricultura |
||
| 041 | _a(En) | ||
| 072 | _aP10 | ||
| 100 | 1 | _aSouza, L.G. | |
| 100 | 1 | _aReis, E.V. de S. | |
| 100 | 1 | _aOliveira, L.F.S. de | |
| 100 | 1 | _aOliveira, S.B. | |
| 100 | 1 | _aSousa, S. dos S.G. | |
| 100 | 1 | _aCoelho, H.F.C. | |
| 100 | 1 | _aFerreira, G.P. | |
| 100 | 1 | _aPereira, A.C.T. da C. | |
| 245 | 1 | _aMicrobiological monitoring of seawater in the coastal zone of Piauí state, Brazil | |
| 650 | _aÁGUA | ||
| 650 | _aMAR | ||
| 650 | _aMICROBIOLOGIA | ||
| 650 | _aLITORAL | ||
| 650 | _aAMBIENTE BENTICO | ||
| 650 | _aQUALIDADE DA ÁGUA | ||
| 650 | _aANÁLISE BIOLÓGICA | ||
| 650 | _aPIAUÍ | ||
| 773 | 0 |
_tArquivos de Ciências do Mar (Brazil) _xISSN 0374-5686 _g(Dec 2013), V. 46(2) p. 64-69 _wBR2014007473 |
|
| 909 |
_a202311 _bLúcia _c55 _dLúcia Elande |
||
| 942 |
_2AGRIS _n0 _cANA |
||
| 999 |
_c240864 _d240864 |
||